LEADER 04858nam 22008055 450 001 996465924603316 005 20200704071822.0 010 $a3-642-11368-0 024 7 $a10.1007/978-3-642-11368-0 035 $a(CKB)1000000000812679 035 $a(SSID)ssj0000355430 035 $a(PQKBManifestationID)11289864 035 $a(PQKBTitleCode)TC0000355430 035 $a(PQKBWorkID)10319671 035 $a(PQKB)11013656 035 $a(DE-He213)978-3-642-11368-0 035 $a(MiAaPQ)EBC3064927 035 $a(PPN)149054882 035 $a(EXLCZ)991000000000812679 100 $a20100301d2010 u| 0 101 0 $aeng 135 $aurnn|008mamaa 181 $ctxt 182 $cc 183 $acr 200 10$aAgents and Peer-to-Peer Computing$b[electronic resource] $e6th International Workshop, AP2PC 2007, Honululu, Hawaii, USA, May 14-18, 2007, Revised and Invited Papers /$fedited by Sam Joseph, Zoran Despotovic, Moro Gianluca, Sonia Bergamaschi 205 $a1st ed. 2010. 210 1$aBerlin, Heidelberg :$cSpringer Berlin Heidelberg :$cImprint: Springer,$d2010. 215 $a1 online resource (XIV, 123 p.) 225 1 $aLecture Notes in Artificial Intelligence ;$v5319 300 $aBibliographic Level Mode of Issuance: Monograph 311 $a3-642-11367-2 320 $aIncludes bibliographical references and index. 327 $aSummary Paper -- What Agents and Peers Have to Offer Each Other: A Partial History of the AP2PC Workshop -- Agent and Peer Trust -- Information Sharing among Autonomous Agents in Referral Networks -- Performance and Testing -- Performance Prediction in Peer-to-Peer MultiAgent Networks -- P2P Agent Platform: Implementation and Testing -- Grid and Distributed Computing -- A Dynamic Pricing and Bidding Strategy for Autonomous Agents in Grids -- Agent-Based Autonomous Result Verification Mechanism in Desktop Grid Systems -- Enabling Grassroots Distributed Computing with CompTorrent -- Location and Search Services -- Design of a Secure and Decentralized Location Service for Agent Platforms -- Flexible Bloom Filters for Searching Textual Objects. 330 $aThis book constitutes the thoroughly refereed post-workshop proceedings of the 6th International Workshop on Agents and Peer-to-Peer Computing, AP2PC 2007, held in Honululu, Hawaii, USA, in May 2007, in the context of the 6th International Joint Conference on Autonomous Agents and Multi-Agent Systems, AAMAS 2007. The 8 revised full papers presented together with 1 summary paper were carefully reviewed and selected from 14 initial submissions; they are fully revised to incorporate reviewers' comments and discussions at the workshop. The volume is organized in topical sections on agent and peer trust, performance and testing, grid and distributed computing, as well as location and search services. 410 0$aLecture Notes in Artificial Intelligence ;$v5319 606 $aArtificial intelligence 606 $aComputer communication systems 606 $aInformation storage and retrieval 606 $aApplication software 606 $aComputers and civilization 606 $aArtificial Intelligence$3https://scigraph.springernature.com/ontologies/product-market-codes/I21000 606 $aComputer Communication Networks$3https://scigraph.springernature.com/ontologies/product-market-codes/I13022 606 $aInformation Storage and Retrieval$3https://scigraph.springernature.com/ontologies/product-market-codes/I18032 606 $aInformation Systems Applications (incl. Internet)$3https://scigraph.springernature.com/ontologies/product-market-codes/I18040 606 $aComputers and Society$3https://scigraph.springernature.com/ontologies/product-market-codes/I24040 608 $aHonolulu (Hawaii, 2007)$2swd 608 $aKongress.$2swd 615 0$aArtificial intelligence. 615 0$aComputer communication systems. 615 0$aInformation storage and retrieval. 615 0$aApplication software. 615 0$aComputers and civilization. 615 14$aArtificial Intelligence. 615 24$aComputer Communication Networks. 615 24$aInformation Storage and Retrieval. 615 24$aInformation Systems Applications (incl. Internet). 615 24$aComputers and Society. 676 $a004.6/52 686 $aDAT 709f$2stub 686 $aSS 4800$2rvk 702 $aJoseph$b Sam$4edt$4http://id.loc.gov/vocabulary/relators/edt 702 $aDespotovic$b Zoran$4edt$4http://id.loc.gov/vocabulary/relators/edt 702 $aGianluca$b Moro$4edt$4http://id.loc.gov/vocabulary/relators/edt 702 $aBergamaschi$b Sonia$4edt$4http://id.loc.gov/vocabulary/relators/edt 712 12$aAP2PC 2007 906 $aBOOK 912 $a996465924603316 996 $aAgents and Peer-to-Peer Computing$9772342 997 $aUNISA LEADER 01128nam a2200289 i 4500 001 991001889979707536 008 121120s1995 paua b 000 0 eng d 020 $a156091601X 035 $ab14087303-39ule_inst 040 $aDip.to Ingegneria dell'Innovazione$beng 082 0 $a629.2504$220 245 00$aDesign of racing and high performance engines /$cedited by Joseph Harralson 260 $aWarrendale, PA :$bSociety of Automotive Engineers,$c1995 300 $a265 p. :$bill. ;$c29 cm 500 $aPT-53 504 $aIncludes bibliographical references 650 4$aInternal combustion engines$xDesign and construction 650 4$aAutomobiles, Racing 650 4$aMotorcycles, Racing 700 1 $aHarralson, Joseph 710 2 $aSociety of Automotive Engineers 907 $a.b14087303$b28-01-14$c20-11-12 912 $a991001889979707536 945 $aLE026 629.2504 SAE 01.02 1995$g1$i2026000058672$lle026$op$pE0.00$q-$rl$s- $t4$u0$v0$w0$x0$y.i15460824$z20-11-12 996 $aDesign of racing and high performance engines$9241504 997 $aUNISALENTO 998 $ale026$b20-11-12$cm$da $e-$feng$gpau$h0$i0 LEADER 01789nas 2200577- 450 001 9910715074303321 005 20220318213020.0 035 $a(OCoLC)1273210135 035 $a(CKB)5470000002507301 035 $a(CONSER)--2021234938 035 $a(EXLCZ)995470000002507301 100 $a20211004a20209999 -a- a 101 0 $aeng 135 $aur||||||||||| 181 $ctxt$2rdacontent 182 $cc$2rdamedia 183 $acr$2rdacarrier 200 00$aAir defense artillery journal 210 1$aFort Sill, OK :$cHeadquarters, Department of the Army, U.S. Army Air Defense Artillery School,$d2020- 215 $a1 online resource (volumes) 225 1 $aHeadquarters, Department of the Army. PB ;$v44- 311 $a2771-8387 410 0$aPB (United States. Army) ;$v44- . 606 $aAir defenses$zUnited States$vPeriodicals 606 $aAntiaircraft artillery$vPeriodicals 606 $aDéfense aérienne$zÉtats-Unis$vPériodiques 606 $aArtillerie antiaérienne$vPériodiques 606 $aAir defenses$2fast$3(OCoLC)fst00802341 606 $aAntiaircraft artillery$2fast$3(OCoLC)fst00810383 607 $aUnited States$2fast 608 $aPeriodicals.$2fast 615 0$aAir defenses 615 0$aAntiaircraft artillery 615 6$aDéfense aérienne 615 6$aArtillerie antiaérienne 615 7$aAir defenses. 615 7$aAntiaircraft artillery. 676 $a358.4145 712 02$aU.S. Army Air Defense Artillery School, 801 0$bGPO 801 1$bGPO 801 2$bOCLCO 801 2$bOCLCF 801 2$bOCLCO 801 2$bDLC 801 2$bGPO 801 2$bDLC 906 $aJOURNAL 912 $a9910715074303321 996 $aAir defense artillery journal$93359307 997 $aUNINA